Central Library OPAC University of Rajshahi

Applied wave mechanics / (Record no. 69517)

MARC details
000 -LEADER
fixed length control field 00972nam a2200265 a 4500
001 - CONTROL NUMBER
control field 69517
003 - CONTROL NUMBER IDENTIFIER
rucl marc code BD-RjUL
005 - DATE AND TIME OF LATEST TRANSACTION
control field 20211209081910.0
008 - FIXED-LENGTH DATA ELEMENTS--GENERAL INFORMATION
fixed length control field 170412s1969 enka b 001 0 eng
035 ## - SYSTEM CONTROL NUMBER
System control number (BD-RjUL)69729
040 ## - CATALOGING SOURCE
Original cataloging agency DLC
Transcribing agency DLC
Modifying agency BD-RjUL
Language of cataloging eng
041 ## - LANGUAGE CODE
Language code of text/sound track or separate title eng
082 00 - DEWEY DECIMAL CLASSIFICATION NUMBER
Classification number 532.593
Edition number 23
Author mark and year GOA 1969
100 1# - MAIN ENTRY--PERSONAL NAME
Personal name Golding, R. M.
Fuller form of name (Raymund Marshall),
Dates associated with a name 1935-
9 (RLIN) 205911
245 10 - TITLE STATEMENT
Title Applied wave mechanics /
Statement of responsibility, etc. R. M. Golding.
260 ## - PUBLICATION, DISTRIBUTION, ETC. (IMPRINT)
Place of publication, distribution, etc. London,
-- New York :
Name of publisher, distributor, etc. Van Nostrand Co.,
Date of publication, distribution, etc. c1969.
300 ## - PHYSICAL DESCRIPTION
Pagination xii, 476 p. :
Illustrations ill. ;
Size 24 cm.
490 ## - SERIES STATEMENT
Series statement Van Nostrand series in physical chemistry
500 ## - GENERAL NOTE
General note "Based upon a two-year post-graduate lecture series given during 1964 and 1965 in the Inorganic and Theoretical Chemistry Dept., Victoria University of Wellington."
504 ## - BIBLIOGRAPHY, ETC. NOTE
Bibliography, etc Bibliography: p. [457]-463.
650 #0 - SUBJECT ADDED ENTRY--TOPICAL TERM
Topical term or geographic name as entry element Wave mechanics.
9 (RLIN) 117120
Topical term or geographic name as entry element Nuclear spectroscopy.
9 (RLIN) 159338
Topical term or geographic name as entry element Quantum chemistry.
9 (RLIN) 120113
942 ## - ADDED ENTRY ELEMENTS (KOHA)
Source of classification or shelving scheme Dewey Decimal Classification
Koha item type Books
Holdings
Lost status Source of classification or shelving scheme Damaged status Not for loan Collection code Permanent Location Current Location Shelving location Date acquired Source of acquisition Cost, normal purchase price Total Checkouts Full call number Date last seen Copy number Koha item type
  Dewey Decimal Classification   Not For Loan Non-fiction Central Library, University of Rajshahi Central Library, University of Rajshahi Reading Room 08/01/1972 Zeitlinger 650.00   532.593 GOA 1969 12/04/2017 C-1 Books